000 00634cam a22002173a 4500
001 37209
003 PGUSA
005 20140828083821.0
008 110826s2011||||xxu|||||s|||||000 | eng d
040 _aPGUSA
_beng
042 _adc
100 1 _aBarbour, Ralph Henry,
_d1870-1944
245 1 4 _aThe Turner Twins
_h[electronic resource] /
_cRalph Henry Barbour
260 _bProject Gutenberg,
_c2011
506 _aPublic domain in the USA.
516 _aElectronic text
700 1 _aRelyea, C. M.
_q(Charles M.),
_d1863-1932
830 0 _aProject Gutenberg
_v37209
856 4 0 _uhttp://www.gutenberg.org/ebooks/37209
942 _cEB
999 _c266463
_d266463